Синеокият с късия меч (Запис номер 126459)
[ съкратено ]
| 000 -Лидер | |
|---|---|
| Контролно поле с фиксирана дължина | 01219nam a2200301 c 4500 |
| 003 - Код на организацията, давaща контролен номер | |
| Контролно поле | BLK |
| 005 - Дата и час на последна редакция | |
| Контролно поле | 20180422111204.0 |
| 008 - Елементи от данни с фиксирана дължина | |
| fixed length control field | 180409b bul|||||r ||||||| ||bul|| |
| 010 ## - Наследен системен номер | |
| LC control number | KNG00132146000 |
| 040 ## - Източник на каталожния запис | |
| Идентификатор на билиотеката - собственик на записа | BLK |
| 041 ## - Код за език | |
| Код за езика на текст/звукозапис или на отделно заглавие | Български |
| Код за езика КДБФ | Български |
| 080 ## - УДК | |
| Текстов определител УДК | Българска литература |
| УДК код - определител по УДК | 821.163.2 |
| УДК определител | -93-31 |
| УДК - код + определител | 821.163.2-93-31 |
| 100 1# - Редна дума - Автор | |
| Автор | Болгар, Боян |
| Авторска отговорност | първи автор |
| Автор - информация (биография) | Христов, Боян Димитров |
| R(LIN) | 318803 |
| 139 ## - Редно поле | |
| Редна дума | Болгар, Боян |
| Авторски знак | Бол - Б 61 |
| 245 10 - Сведения за заглавието | |
| Заглавие | Синеокият с късия меч |
| Подзаглавни данни | Роман за юноши |
| Редно поле (дума) | Боян Болгар; худож. Стоян Шиндеров; * Боян Димитров Христов. |
| 257 ## - Страна на издаване | |
| Страна на създаване/издаване | България |
| 260 ## - Област на издателските данни | |
| -- | София |
| Име на издателя, разпространителя и проч. | Нар. младеж |
| Година на издаване | 1973 |
| Печатница | София : Д. Благоев |
| 300 ## - Физическа характеристика | |
| Страници | 116 с. с ил. |
| Размери/Мащаб | 20 см |
| 380 ## - Жанр | |
| Жанр | Детска худож. лит. |
| 500 ## - Общи забележки | |
| Забележка | Истинското име на авт. е Боян Димитров Христов. |
| 700 1# - Други автори (авторска отговорност) | |
| Лично име | Шиндеров, Стоян |
| Автороска отговорност (Описва отношението между автора и произведението) | худож. |
| 9 (RLIN) | 143446 |
| 700 1# - Други автори (авторска отговорност) | |
| Лично име | Христов, Боян Димитров |
| Автороска отговорност (Описва отношението между автора и произведението) | * |
| 9 (RLIN) | 377645 |
| 852 ## - Местоположение | |
| Форматна сигнатура | Цб 254555 |
| 856 4# - Електронен адрес и достъп | |
| Електронен формат | pdf - файл |
| Път до файла /url/ | |
| 856 4# - Електронен адрес и достъп | |
| Електронен формат | pdf - файл |
| Път до файла /url/ | |
| 942 ## - АРТИКУЛИ | |
| Вид на библиотечния материал | Книги |
| Скрит в OPAC | Не |
| 944 ## - СЪЗДАВАНЕ И РЕДАКЦИЯ на ЗАПИСА | |
| Създаване/Редакция | Създаване |
| Дата на регистрацията/редакция | 16.07.2012 |
| Служител, извършил регистрацията/редакцията | Елица_Владова |
| 944 ## - СЪЗДАВАНЕ И РЕДАКЦИЯ на ЗАПИСА | |
| Създаване/Редакция | Редакция |
| Дата на регистрацията/редакция | 31.07.2012 |
| Служител, извършил регистрацията/редакцията | |
| 999 ## - СИСТЕМНИ КОНТРОЛНИ НОМЕРА | |
| Koha biblionumber | 126459 |
| Koha biblioitemnumber | 126459 |
| Код за отписване | Код за изгубен артикул | Източник на класификационната схема | Код за повреда | Коз за рестрикции | Код за отдаване | Артикулен № | Име на библиотеката - собственик | Име на библиотеката, в която се намира в момента | Статус (Текущо местоположение) | Дата на вписване в системата | Местоположение - отдел | Цена в лева | Инвентарен номер | Систематично азбучна сигнатура | Баркод | Номер на екземпляра | Цена в евро | Служебна бележка | Служебен тип на артикула | Бележка за публиката |
|---|---|---|---|---|---|---|---|---|---|---|---|---|---|---|---|---|---|---|---|---|
| Изтеглен | Не е изгубен | Universal Decimal Classification | Не е повреден | без рестрикции | заемане за дома | 205722 | Регионална библиотека "Любен Каравелов" Русе | Регионална библиотека "Любен Каравелов" Русе | Детски отдел | 1973-01-01 | Детски отдел | 0.31 | 149433 | ДХ 886.7/Б 61 | 149433 | 1 | 0.16 | N: стар фонд Дата: 01.01.1973 Дата инв: 03.08.2015 Бележки инв: Д2015 | Книги | |
| Не е изгубен | Universal Decimal Classification | Не е повреден | без рестрикции | ползва се в читалня | 205723 | Регионална библиотека "Любен Каравелов" Русе | Регионална библиотека "Любен Каравелов" Русе | Хранилище | 1973-01-01 | Хранилище | 0.31 | 145994 | Цб 254555 | 120000145994 | 2 | 0.16 | N: стар фонд Дата: 01.01.1973 | Книги | ||
| Изтеглен | Не е изгубен | Universal Decimal Classification | Не е повреден | без рестрикции | заемане за дома | 205724 | Регионална библиотека "Любен Каравелов" Русе | Регионална библиотека "Любен Каравелов" Русе | Детски отдел | 1973-01-01 | Детски отдел | 0.31 | 149430 | ДХ 886.7/Б 61 | 149430 | 3 | 0.16 | N: стар фонд Дата: 01.01.1973 Дата инв: 28.08.2015 Бележки инв: Д2015 | Книги | |
| Изтеглен | Не е изгубен | Не е повреден | без рестрикции | заемане за дома | 205725 | Регионална библиотека "Любен Каравелов" Русе | Регионална библиотека "Любен Каравелов" Русе | 1973-01-01 | Заемна - подръчен фонд | 0.31 | 149434 | П 886.7-31/Б 61 | 149434 | 4 | 0.16 | N: стар фонд Дата: 01.01.1973 | Книги | Отч.N: 21/18 , Дата: 26.03.2018 |